Togo : EIU country profile 2005.
| Format: | Book |
|---|---|
| Published: |
London:
The Economist Intelligence Unit,
2005.
|
| Subjects: |
| LEADER | 00552cam a2200169 7i4500 | ||
|---|---|---|---|
| 001 | 0000017270 | ||
| 005 | 20060417090000.0 | ||
| 022 | 0 | 0 | |a 1740-8415 |
| 090 | 0 | 0 | |a TOGO 330.9 |b TOG |
| 245 | 0 | 0 | |a Togo : |b EIU country profile 2005. |
| 260 | 0 | 0 | |a London: |b The Economist Intelligence Unit, |c 2005. |
| 300 | # | # | |a 53 p. |
| 650 | 0 | 0 | |a Togo -- |x Country profile |
| 651 | 0 | 0 | |a Togo |
| 999 | |a SBH000482B |b Book |c Countries |e MATRADE Sabah | ||
| 999 | |a PNG000491B |b Book |c Countries |e MATRADE Northern Regional Office | ||
| 999 | |a B000018568 |b Book |c Countries |e Business Information Centre | ||